Statistiken für boyfriend knowledge

Klicken Sie hier um das Quiz zu spielen!

Allgemein

  • Dieses Quiz wurde 59 mal gespielt
  • Das Durchschnittsergebnis liegt bei 6 aus 11

Antwortstatistiken

HintAntwort% Korrekt
Name one Kardashian SisterKim
94%
Name one Jenner SisterKylie
85%
Was wird vergrößert bei bei einer Operation namens BBLPo
75%
Wieviele Bundesländer hat Österreich9
73%
Name one Jenner SisterKendall
69%
Jay Z und wer singt "empire state of mind"Alicia Keys
62%
Was ist ein anders Wort für Wimperntusche?Mascara
62%
Name one Kardashian SisterKourtney
54%
Name one Kardashian SisterKhloe
52%
Who is marrie to Elliot Grainge and currently pregnantSofia Richie
10%
Who wrote "drivers licence", "good for you" and "vampire"Olivia Rodrido
0%

Verteilung der Resultate

Perzentil nach korrekt beantworteten Fragen

Anzahl Personen mit jedem Resultat

Ihre Resultats-Entwicklung

Sie haben dieses Quiz noch nicht gespielt